NFL Greatest Moments - Statistics

General Stats
  • This quiz has been taken 126 times
  • The average score is 6 of 16
Answer Stats
Picture Answer % Correct
The Helmet Catch
89%
Philly Special
81%
Minneapolis Miracle
56%
The Tuck Rule
52%
The Catch
51%
Immaculate Reception
42%
Music City Miracle
39%
Beast Quake
36%
Wide Right
33%
28-3
30%
The Tackle
27%
Tampa Toe-Tap
18%
Odell Beckham Jr. Catch
17%
The Comeback
15%
Malcolm Butler Interception
12%
Helicopter Run
9%
No matching quizzes found
Score Distribution
Percent of People with Each Score
Percentile by Number Answered
Your Score History
You have not taken this quiz